| 000 | 00645nam a22002177a 4500 | ||
|---|---|---|---|
| 999 |
_c9046 _d9046 |
||
| 003 | AR-CdUCM | ||
| 008 | 190327b ||||| |||| 00| 0 spa d | ||
| 040 |
_aMUNICIPALIDAD PROVINCIAL DEL CUSCO _cBIBLIOTECA MUNICIPAL DEL CUSCO |
||
| 082 |
_a869.624 / _bM23 |
||
| 100 |
_aMata, Gonzalo Humberto _916450 |
||
| 245 | _aMemoria para Jorge Icaza / | ||
| 260 |
_aCuenca : _bImpr. Atahualpa _c1964. |
||
| 300 |
_a50 páginas ; _c17 cm. |
||
| 500 | _aCon dedicatoria a Luis Nieto | ||
| 505 | _aContenido : Novela | ||
| 650 |
_aHuasipungo _925010 |
||
| 650 |
_aLiteratura _9416 |
||
| 650 |
_aNovela _9572 |
||
| 942 |
_2ddc _cLIBROS |
||
| 945 | _admma | ||